To Study the Effect of Photosynthesis Improving Chemicals on Mango (Mangifera Indica L.) (Record no. 50295)

MARC details
000 -LEADER
fixed length control field 00501nam a22001817a 4500
003 - CONTROL NUMBER IDENTIFIER
control field OSt
008 - FIXED-LENGTH DATA ELEMENTS--GENERAL INFORMATION
fixed length control field 260429b |||||||| |||| 00| 0 eng d
082 ## - DEWEY DECIMAL CLASSIFICATION NUMBER
Classification number 634.44
Item number P74T
100 ## - MAIN ENTRY--PERSONAL NAME
Personal name Prasad, Krishna Kant
245 ## - TITLE STATEMENT
Title To Study the Effect of Photosynthesis Improving Chemicals on Mango (Mangifera Indica L.)
260 ## - PUBLICATION, DISTRIBUTION, ETC. (IMPRINT)
Place of publication, distribution, etc Pusa, Samastipur
Name of publisher, distributor, etc RAU
Date of publication, distribution, etc 1992
300 ## - PHYSICAL DESCRIPTION
Extent 51P.
502 ## - DISSERTATION NOTE
Degree type Msc.
Year degree granted 1992
650 ## - SUBJECT ADDED ENTRY--TOPICAL TERM
Topical term or geographic name as entry element Fruit & Fruit Technology
650 ## - SUBJECT ADDED ENTRY--TOPICAL TERM
Topical term or geographic name as entry element Horticulture
650 ## - SUBJECT ADDED ENTRY--TOPICAL TERM
Topical term or geographic name as entry element Msc.
942 ## - ADDED ENTRY ELEMENTS (KOHA)
Source of classification or shelving scheme
Koha item type Thesis
Holdings
Withdrawn status Lost status Source of classification or shelving scheme Damaged status Not for loan Home library Current library Date acquired Total Checkouts Full call number Barcode Date last seen Bill Date Koha item type
          Dr. Rajendra Prasad Central Agricultural University Pusa, Dr. Rajendra Prasad Central Agricultural University Pusa, 29/04/2026   634.44 P74T 43616 29/04/2026 29/04/2026 Thesis
Hosted, Implemented, Customized & Maintained by: BestBookBuddies

Powered by Koha